00488nam a22001697a 450000500170000001000150001702000260003203500140005803700130007208200100008510000150009524500360011026000340014627000720018030000220025250000440027420190130151958.0 aENG-124671 a9789386078254c670.00 aEN-108203 bDBAD/PUB a230.1 aAjay Singh aHindu mythology/cby Ajay Singh aDelhibPrakashan Kendrac2018 a1/11955, First Floor,Road No,6,Subhash Marg,ShahdarabDelhie110032 a176p. c22cm (Hb) aIt includes bibliographical references